| 000 | 00907nam a22002417a 4500 | ||
|---|---|---|---|
| 005 | 20121210121044.0 | ||
| 008 | 121210t xxu||||| |||| 00| 0 eng d | ||
| 010 | _aENG-106295 | ||
| 020 |
_a9788184841732 _c1280.00 |
||
| 035 | _aEN-89828 | ||
| 037 | _bDBAD/PUB | ||
| 040 |
_aDPL _bEng |
||
| 082 | _a954.0350924 | ||
| 100 | _954009 | ||
| 245 |
_aMultidimensional approaches to Mahatma Gandhi : _cedited by Bipin Kumar _brelevance in 21st century / |
||
| 260 |
_aNew Delhi _bRegal Publications _c2012 |
||
| 270 |
_aF-159 Rajouri Garden _bNew Delhi _e110027 |
||
| 300 |
_axLv,313p. _c23cm(Hb) |
||
| 500 | _aIncludes bibliographical references and index | ||
| 700 |
_aBipin Kumar _954156 |
||
| 942 |
_2ddc _cEN _mMUL _h954.0350924 |
||
| 999 |
_c71984 _d71984 |
||